00270nam a2200097Ia 4500008004100000041000800041100002300049245005500072260003700127365000800164231011s9999 xx 000 0 und d aeng aTaylor and Steward aHandbook of Financial Sales & Marketing Management bCassell Educational Ltd,London - b777